000 00232nam a22000857a 4500
008 160804b xxu||||| |||| 00| 0 eng d
100 _913
_aSiddiqui S.A
245 _aComprehensive Accountancy
260 _aNew Delhi
_bLaxmi Publication
_c2009
999 _c2663
_d2663